Normal view MARC view

Entry Topical Term

Number of records used in: 1

001 - CONTROL NUMBER

  • control field: 36315

003 - CONTROL NUMBER IDENTIFIER

  • control field: OSt

005 - DATE AND TIME OF LATEST TRANSACTION

  • control field: 20230302150620.0

008 - FIXED-LENGTH DATA ELEMENTS

  • fixed length control field: 230302|| aca||aabn | a|a d

040 ## - CATALOGING SOURCE

  • Original cataloging agency: OSt
  • Transcribing agency: OSt

150 ## - HEADING--TOPICAL TERM

  • Topical term or geographic name entry element: Christianity, Warfare

670 ## - SOURCE DATA FOUND

  • Source citation: Work cat.: (OSt)521141: Mortimer, Sarah 36314, Warfare, Christianity, and the law of nature

Powered by Koha